Vplyv teoretických koncepcií na formovanie súťažnej politiky

Analýza konkurencie a súťaživosti z rôznych hľadísk a na rôznych hierarchických úrovniach. Koncepcie a školy hospodárskej súťaže.

Enregistré dans:
Détails bibliographiques
Auteur principal: Tokárová, Mária
Format: Chapitre de livre
Langue:slovaque
Sujets:
Tags: Ajouter un tag
Pas de tags, Soyez le premier à ajouter un tag!

MARC

LEADER 00000naa$a2200000$$$4500
001 0116111
005 20240502072308.4
041 0 |a slo 
044 |a SK 
245 1 0 |a Vplyv teoretických koncepcií na formovanie súťažnej politiky  |c Mária Tokárová 
520 |a Analýza konkurencie a súťaživosti z rôznych hľadísk a na rôznych hierarchických úrovniach. Koncepcie a školy hospodárskej súťaže. 
610 2 0 |a súťaž hospodárska 
610 2 0 |a konkurencieschopnosť 
610 2 0 |a koncentrácia 
610 2 0 |a politika protimonopolná 
610 2 0 |a teórie ekonomické 
100 1 |a Tokárová, Mária